000 00434nam a2200181Ia 4500
001 2444
005 20260306144807.0
008 260306t2010||||xx |||||||||||||| ||spa||
041 _aESP
082 _a616.89
_bS88
100 _aSue, david
_eAUT
245 0 _aPsicopatología, comprendiendo la conducta anormal
260 _c2010
300 _aXXII, 497 P.
_c27 cm.
650 _aGEN
654 _aCPS
942 _cLIB
_dJUS
_fJUS
_2ddc
_n
999 _c2444
_d2444